| 000 | 00614nam a2200193Ii 4500 | ||
|---|---|---|---|
| 003 | JO-AjNU | ||
| 008 | 230605s9999||||xx |||||||||||||| ||und|| | ||
| 040 |
_aJO-AjNU _bara _erda _cJO-AjNU |
||
| 041 | _aara | ||
| 050 | 1 | 4 | _aTX165.T42 1985 |
| 100 | 3 |
_aسبع العيش، نعمت واخرون , _eauthor _941109 |
|
| 245 | 0 | 0 | _aالثقافة الاسرية |
| 264 | 3 | 1 | _aعمان: وزارة البحث العلمي، 1985 |
| 300 | _a256ص | ||
| 336 |
_atext _btxt _2rdacontent |
||
| 337 |
_aunmediated _bn _2rdamedia |
||
| 338 |
_avolume _bnc _2rdacarrier |
||
| 650 | 4 |
_aالثقافة الاسريه _941110 |
|
| 999 |
_aA17501 _c21069 _d21069 |
||